000 00376nam a2200169Ia 4500
008 221030s9999 xx 000 0 und d
020 _a8170088348
041 _aEnglish
082 _a105.23
100 _aR. K. Rajput
245 0 _aThermal Engineering
250 _a6th
260 _bLaxmi Pub.
_aNew Delhi
_c2008
300 _a1671
650 _aMechanical
942 _cBK
999 _c5614
_d5614